[Event "7th Iberoamerican-ch 2019"]
[Site "Linares"]
[Date "2019.08.14"]
[Round "5.21"]
[White "Damaso, Rui"]
[Black "Forgas Moreno, Yaniela"]
[Result "1-0"]
[WhiteElo "2417"]
[BlackElo "2276"]
[Annotator "NA"]
[PlyCount "97"]
[EventDate "2019.08.10"]
[EventType "swiss"]
[EventCountry "ESP"]
[SourceTitle "playchess.com"]
[Source "ChessBase"]
[SourceQuality "1"]
[TimeControl "5400+30"]

1. d4 {[%emt 0:00:00]} f5 {[%emt 0:00:00]} 2. Nc3 {[%emt 0:01:16]} Nf6 {[%emt 0:00:00]} 3. Bg5 {[%emt 0:00:37]} d5 {[%emt 0:00:11]} 4. e3 {[%emt 0:01:16]} e6 {[%emt 0:01:30]} 5. Nf3 {[%emt 0:02:13]} Be7 {[%emt 0:00:22]} 6. Bd3 {[%emt 0:02:20]} O-O {[%emt 0:02:36]} 7. Ne2 {[%emt 0:02:20]} c5 {[%emt 0:04:53]} 8. c4 {[%emt 0:03:28]} Nc6 {[%emt 0:05:18]} 9. O-O {[%emt 0:13:21]} dxc4 {[%emt 0:02:21]} 10. Bxc4 {[%emt 0:01:06]} Na5 {[%emt 0:00:11]} 11. Bd3 {[%emt 0:04:23]} c4 {[%emt 0:02:40]} 12. Bc2 {[%emt 0:01:35]} b5 {[%emt 0:02:53]} 13. b3 {[%emt 0:05:23]} Bb7 {[%emt 0:04:07]} 14. Nf4 {[%emt 0:04:56]} Bd5 {[%emt 0:06:27]} 15. Ne5 {[%emt 0:02:17]} c3 {[%emt 0:05:29]} 16. Qd3 {[%emt 0:10:36]} b4 {[%emt 0:03:14]} 17. Qb5 {[%emt 0:04:59]} a6 {[%emt 0:07:08]} 18. Qa4 {[%emt 0:02:21]} Ra7 {[%emt 0:01:01]} 19. a3 {[%emt 0:01:07]} Rb7 {[%emt 0:04:49]} 20. axb4 {[%emt 0:01:48]} Bxb4 {[%emt 0:01:52]} 21. Nfd3 {[%emt 0:00:19]} Qd6 {[%emt 0:02:29]} 22. Nxb4 {[%emt 0:00:38]} Nxb3 {[%emt 0:00:26]} 23. Nxd5 {[%emt 0:18:25]} Nxa1 {[%emt 0:00:05]} 24. Nxc3 {[%emt 0:00:48]} Nxc2 {[%emt 0:00:22]} 25. Qxc2 {[%emt 0:00:05]} Rc8 {[%emt 0:04:17]} 26. Bxf6 {[%emt 0:00:33]} gxf6 {[%emt 0:00:48]} 27. Nd3 {[%emt 0:00:05]} Qa3 {[%emt 0:04:03]} 28. Nc5 {[%emt 0:00:25]} Rb2 {[%emt 0:00:28]} 29. Qc1 {[%emt 0:00:15]} a5 {[%emt 0:02:21]} 30. N3a4 {[%emt 0:01:21]} Ra2 {[%emt 0:01:56]} 31. Qc4 {[%emt 0:00:17]} Re8 {[%emt 0:02:44]} 32. g3 {[%emt 0:01:39]} Kf7 {[%emt 0:03:22]} 33. Qb5 {[%emt 0:01:20]} Qb4 {[%emt 0:00:06]} 34. Qc6 {[%emt 0:00:30]} f4 {[%emt 0:03:50]} 35. d5 {[%emt 0:01:46]} e5 {[%emt 0:01:32]} 36. d6 {[%emt 0:00:52]} Rd2 {[%emt 0:01:38]} 37. exf4 {[%emt 0:02:37]} exf4 {[%emt 0:01:20]} 38. Qd7+ {[%emt 0:01:26]} Kf8 {[%emt 0:00:14]} 39. Qxh7 {[%emt 0:01:56]} Rxd6 {[%emt 0:00:16]} 40. Nd7+ {[%emt 0:00:16]} Rxd7 {[%emt 0:00:06]} 41. Qxd7 {[%emt 0:00:03]} f3 {[%emt 0:00:10]} 42. Qc6 {[%emt 0:00:23]} Kf7 {[%emt 0:00:24]} 43. Nc3 {[%emt 0:00:48]} Qg4 {[%emt 0:01:10]} 44. Nd5 {[%emt 0:00:27]} Qf5 {[%emt 0:02:45]} 45. Nf4 {[%emt 0:01:12]} Qe4 {[%emt 0:01:38]} 46. Qc7+ {[%emt 0:00:09]} Re7 {[%emt 0:00:16]} 47. Qxa5 {[%emt 0:00:06]} Re5 {[%emt 0:01:54]} 48. Qd2 {[%emt 0:00:35]} Kg7 {[%emt 0:02:41]} 49. h4 {[%emt 0:00:11]} 1-0

[Event "7th Iberoamerican-ch 2019"]
[Site "Linares"]
[Date "2019.08.14"]
[Round "5.22"]
[White "Almagro Mazariegos, Sebastian"]
[Black "Cori T., Deysi"]
[Result "1-0"]
[WhiteElo "2268"]
[BlackElo "2400"]
[Annotator "NA"]
[PlyCount "81"]
[EventDate "2019.08.10"]
[EventType "swiss"]
[EventCountry "ESP"]
[SourceTitle "playchess.com"]
[Source "ChessBase"]
[SourceQuality "1"]
[TimeControl "5400+30"]

1. e4 {[%emt 0:00:00]} c5 {[%emt 0:00:29]} 2. Nf3 {[%emt 0:00:00]} e6 {[%emt 0:00:15]} 3. d4 {[%emt 0:00:00]} cxd4 {[%emt 0:00:03]} 4. Nxd4 {[%emt 0:00:08]} Nc6 {[%emt 0:00:05]} 5. Nc3 {[%emt 0:00:56]} a6 {[%emt 0:00:25]} 6. Nxc6 {[%emt 0:01:13]} bxc6 {[%emt 0:00:05]} 7. e5 {[%emt 0:02:51]} Qa5 {[%emt 0:10:19]} 8. f4 {[%emt 0:01:48]} Bb7 {[%emt 0:01:23]} 9. Bd3 {[%emt 0:02:43]} f5 {[%emt 0:06:41]} 10. Bd2 {[%emt 0:07:16]} Qc7 {[%emt 0:07:24]} 11. Qe2 {[%emt 0:01:04]} Ne7 {[%emt 0:03:09]} 12. g4 {[%emt 0:05:22]} fxg4 {[%emt 0:08:03]} 13. Qxg4 {[%emt 0:01:26]} c5 {[%emt 0:00:06]} 14. Rg1 {[%emt 0:12:40]} O-O-O {[%emt 0:04:44]} 15. Qe2 {[%emt 0:00:28]} Nc6 {[%emt 0:02:31]} 16. O-O-O {[%emt 0:10:16]} Nd4 {[%emt 0:04:02]} 17. Qf1 {[%emt 0:00:22]} Qb6 {[%emt 0:01:30]} 18. Be3 {[%emt 0:07:17]} g6 {[%emt 0:03:57]} 19. Be4 {[%emt 0:04:13]} d5 {[%emt 0:11:03]} 20. exd6 {[%emt 0:01:03]} Bxd6 {[%emt 0:00:02]} 21. Qc4 {[%emt 0:07:45]} Kb8 {[%emt 0:01:31]} 22. Bxb7 {[%emt 0:08:17]} Qxb7 {[%emt 0:01:31]} 23. Kb1 {[%emt 0:00:33]} Rhf8 {[%emt 0:02:50]} 24. Rgf1 {[%emt 0:02:11]} Rc8 {[%emt 0:04:53]} 25. Bxd4 {[%emt 0:03:01]} cxd4 {[%emt 0:00:03]} 26. Qxd4 {[%emt 0:00:10]} Bc7 {[%emt 0:02:42]} 27. Qe3 {[%emt 0:01:12]} Qc6 {[%emt 0:00:57]} 28. a3 {[%emt 0:03:01]} Ka8 {[%emt 0:05:34]} 29. h3 {[%emt 0:03:37]} Rb8 {[%emt 0:01:27]} 30. Rfe1 {[%emt 0:01:12]} Rb6 {[%emt 0:03:10]} 31. Rd4 {[%emt 0:02:04]} Rf6 {[%emt 0:11:24]} 32. Qd3 {[%emt 0:02:47]} Rxf4 {[%emt 0:01:31]} 33. Rxf4 {[%emt 0:01:19]} Bxf4 {[%emt 0:00:02]} 34. Re4 {[%emt 0:00:46]} Bc7 {[%emt 0:00:11]} 35. Rc4 {[%emt 0:00:24]} Qb7 {[%emt 0:00:32]} 36. Na4 {[%emt 0:01:29]} Rb5 {[%emt 0:01:59]} 37. b4 {[%emt 0:03:42]} Rf5 {[%emt 0:00:51]} 38. Qd7 {[%emt 0:02:06]} Rf1+ {[%emt 0:00:20]} 39. Ka2 {[%emt 0:00:02]} Bb8 {[%emt 0:00:57]} 40. Qxe6 {[%emt 0:00:53]} Rf3 {[%emt 0:00:34]} 41. Nc5 {[%emt 0:01:20]} 1-0

[Event "7th Iberoamerican-ch 2019"]
[Site "Linares"]
[Date "2019.08.14"]
[Round "5.23"]
[White "Silva Rodriguez, Fernando"]
[Black "Lopez Mulet, Inigo"]
[Result "1-0"]
[WhiteElo "2253"]
[BlackElo "2397"]
[Annotator "TA"]
[PlyCount "41"]
[EventDate "2019.08.10"]
[EventType "swiss"]
[EventCountry "ESP"]
[SourceTitle "playchess.com"]
[Source "ChessBase"]
[SourceQuality "1"]

{[%evp 12,85,40,33,63,62,56,25,24,43,54,60,59,12,41,33,4,15,93,77,95,88,102,106,108,108,109,106,101,99,196,183,197,186,194,160,162,160,147,153,108,68,210,196,196,192,194,187,189,185,372,349,371,370,879,954,887,619,619,619,605,567,3345,2870,29990,29991,29993,959,29993,29993,29994,29995,29995,29996,29996,29997]} 1. e4 c5 2. Nf3 Nc6 3. Bb5 e6 4. Bxc6 bxc6 5. d3 Ne7 6. Qe2 Ng6 7. h4 h5 {B30: Sicilian: 2...Nc6 3 Bb5, lines without ...g6} (7... Qc7 8. e5 f6 9. exf6 gxf6 10. c4 d5 11. Nc3 Be7 12. h5 Nf4 13. Bxf4 Qxf4 14. g3 Qd6 15. O-O-O {½-½ (59) Korneev,O (2566)-Bosiocic,M (2623) Khomeyn 2017}) 8. e5 $1 f6 9. Qe4 Kf7 {White has an edge.} 10. b3 Nxe5 11. Nxe5+ fxe5 12. Rh3 $146 ({Predecessor:} 12. Bb2 d6 13. Nd2 Kg8 14. O-O-O Rb8 15. Rdf1 {0-1 (33) Heredia Serrano,C (2116)-Ynojosa Aponte,F (2433) Brownsville 2017}) 12... Be7 (12... d5 $5 {[%cal Rd5e4]} 13. Rf3+ Kg8 $11) 13. Rf3+ {[%mdl 1024] White has compensation.} (13. Qxe5 Bf6 $17) 13... Bf6 14. Bg5 d6 (14... d5 $1 $11 {remains equal.} 15. Qxe5 Kg6 16. Bxf6 gxf6 17. Rg3+ Kf7) 15. Nd2 $16 (15. Qxc6 Rb8 $15) 15... Qe7 16. O-O-O (16. Bxf6 $6 gxf6 17. Rg3 f5 $11) 16... Bb7 17. Rg1 Raf8 18. g4 $1 {[%cal Rg4h5]} hxg4 19. Rxg4 {Hoping for Bxf6.} (19. Bxf6 gxf6 20. Rxg4 (20. Qxg4 $2 Rfg8 $19) 20... f5 $15) 19... Ke8 20. Rfg3 {Threatens to win with Bxf6.} Kd7 (20... Bxg5 $16 21. Rxg5 Rf7) 21. Bxf6 {Played: Qe4-a4} 1-0

[Event "7th Iberoamerican-ch 2019"]
[Site "Linares"]
[Date "2019.08.14"]
[Round "5.24"]
[White "Merario Alarcon, Andres"]
[Black "Lacayo, Rene"]
[Result "1-0"]
[WhiteElo "2392"]
[BlackElo "2274"]
[Annotator "NA"]
[PlyCount "49"]
[EventDate "2019.08.10"]
[EventType "swiss"]
[EventCountry "ESP"]
[SourceTitle "playchess.com"]
[Source "ChessBase"]
[SourceQuality "1"]
[TimeControl "5400+30"]

1. d4 {[%emt 0:00:00]} Nf6 {[%emt 0:00:51]} 2. c4 {[%emt 0:00:00]} e6 {[%emt 0:00:03]} 3. Nf3 {[%emt 0:00:00]} b6 {[%emt 0:00:22]} 4. g3 {[%emt 0:00:06]} Ba6 {[%emt 0:00:19]} 5. Qc2 {[%emt 0:01:20]} d5 {[%emt 0:06:48]} 6. cxd5 {[%emt 0:01:00]} exd5 {[%emt 0:00:01]} 7. Bg2 {[%emt 0:01:23]} Bd6 {[%emt 0:04:03]} 8. Nc3 {[%emt 0:01:39]} O-O {[%emt 0:02:43]} 9. O-O {[%emt 0:02:39]} Nbd7 {[%emt 0:09:50]} 10. Nh4 {[%emt 0:06:48]} c6 {[%emt 0:19:59]} 11. Nf5 {[%emt 0:00:54]} Bc7 {[%emt 0:00:25]} 12. Bg5 {[%emt 0:07:36]} h6 {[%emt 0:06:27]} 13. Bh4 {[%emt 0:00:32]} Re8 {[%emt 0:00:32]} 14. Rfe1 {[%emt 0:06:17]} Bb7 {[%emt 0:04:09]} 15. e4 {[%emt 0:02:05]} Qb8 {[%emt 0:06:08]} 16. e5 {[%emt 0:04:07]} Nh7 {[%emt 0:00:51]} 17. Ne7+ {[%emt 0:12:53]} Kh8 {[%emt 0:00:05]} 18. Qf5 {[%emt 0:00:32]} Rxe7 {[%emt 0:22:47]} 19. Bxe7 {[%emt 0:00:19]} Qe8 {[%emt 0:00:41]} 20. Bd6 {[%emt 0:02:40]} Bd8 {[%emt 0:00:42]} 21. e6 {[%emt 0:04:24]} fxe6 {[%emt 0:00:03]} 22. Rxe6 {[%emt 0:00:12]} Qg8 {[%emt 0:00:15]} 23. Rae1 {[%emt 0:01:06]} Ndf6 {[%emt 0:00:23]} 24. Qg6 {[%emt 0:00:24]} Bc8 {[%emt 0:01:21]} 25. Re8 {[%emt 0:00:19]} 1-0

[Event "7th Iberoamerican-ch 2019"]
[Site "Linares"]
[Date "2019.08.14"]
[Round "5.25"]
[White "Rodriguez Perez, Angel Mariano"]
[Black "Teran Alvarez, Ismael"]
[Result "0-1"]
[WhiteElo "2223"]
[BlackElo "2392"]
[Annotator "NA"]
[PlyCount "118"]
[EventDate "2019.08.10"]
[EventType "swiss"]
[EventCountry "ESP"]
[SourceTitle "playchess.com"]
[Source "ChessBase"]
[SourceQuality "1"]
[TimeControl "5400+30"]

1. e4 {[%emt 0:00:00]} d6 {[%emt 0:00:02]} 2. d4 {[%emt 0:00:00]} Nf6 {[%emt 0:00:06]} 3. Nc3 {[%emt 0:00:01]} c6 {[%emt 0:00:08]} 4. Nf3 {[%emt 0:00:25]} Bg4 {[%emt 0:00:25]} 5. Be2 {[%emt 0:00:45]} e6 {[%emt 0:00:21]} 6. h3 {[%emt 0:00:21]} Bh5 {[%emt 0:00:50]} 7. O-O {[%emt 0:01:38]} Be7 {[%emt 0:04:14]} 8. Nd2 {[%emt 0:01:31]} Bxe2 {[%emt 0:00:52]} 9. Qxe2 {[%emt 0:00:07]} d5 {[%emt 0:00:41]} 10. exd5 {[%emt 0:00:52]} cxd5 {[%emt 0:01:28]} 11. Qb5+ {[%emt 0:00:37]} Nc6 {[%emt 0:01:22]} 12. Nf3 {[%emt 0:02:22]} a6 {[%emt 0:04:08]} 13. Qe2 {[%emt 0:04:06]} O-O {[%emt 0:01:22]} 14. Nd1 {[%emt 0:02:12]} b5 {[%emt 0:01:10]} 15. Ne3 {[%emt 0:01:02]} Qb6 {[%emt 0:01:43]} 16. Rd1 {[%emt 0:01:04]} b4 {[%emt 0:13:02]} 17. Nf1 {[%emt 0:11:52]} Qb5 {[%emt 0:02:49]} 18. Ng3 {[%emt 0:03:29]} Rfc8 {[%emt 0:03:08]} 19. c3 {[%emt 0:16:58]} bxc3 {[%emt 0:16:59]} 20. Qxb5 {[%emt 0:00:51]} axb5 {[%emt 0:00:04]} 21. bxc3 {[%emt 0:00:15]} Ra4 {[%emt 0:00:30]} 22. Bd2 {[%emt 0:01:08]} Bd6 {[%emt 0:01:26]} 23. Rdb1 {[%emt 0:05:02]} Bxg3 {[%emt 0:09:49]} 24. fxg3 {[%emt 0:00:11]} Na7 {[%emt 0:00:05]} 25. Rb3 {[%emt 0:01:27]} Ne4 {[%emt 0:00:22]} 26. Be1 {[%emt 0:00:15]} f6 {[%emt 0:00:29]} 27. Kf1 {[%emt 0:02:58]} h5 {[%emt 0:07:03]} 28. Ng1 {[%emt 0:06:32]} Kf7 {[%emt 0:04:25]} 29. Ne2 {[%emt 0:00:08]} e5 {[%emt 0:01:28]} 30. Kg1 {[%emt 0:04:48]} Rc6 {[%emt 0:03:48]} 31. Bf2 {[%emt 0:03:20]} Nd2 {[%emt 0:07:53]} 32. Rb2 {[%emt 0:00:10]} Nc4 {[%emt 0:00:01]} 33. Rb3 {[%emt 0:00:05]} e4 {[%emt 0:03:27]} 34. Nf4 {[%emt 0:00:29]} Nb6 {[%emt 0:00:29]} 35. Nxh5 {[%emt 0:00:45]} Rac4 {[%emt 0:00:20]} 36. Be1 {[%emt 0:01:12]} g5 {[%emt 0:01:17]} 37. g4 {[%emt 0:01:27]} Na4 {[%emt 0:00:32]} 38. Ng3 {[%emt 0:01:46]} Nxc3 {[%emt 0:00:21]} 39. Bxc3 {[%emt 0:02:28]} Rxc3 {[%emt 0:00:02]} 40. Rxc3 {[%emt 0:00:04]} Rxc3 {[%emt 0:00:06]} 41. Nf5 {[%emt 0:00:12]} b4 {[%emt 0:01:29]} 42. Rb1 {[%emt 0:02:43]} Nc6 {[%emt 0:00:29]} 43. Rb2 {[%emt 0:00:17]} Ke6 {[%emt 0:02:17]} 44. g3 {[%emt 0:04:26]} Rd3 {[%emt 0:00:58]} 45. h4 Nxd4 {[%emt 0:00:16]} 46. Nxd4+ {[%emt 0:02:07]} Rxd4 {[%emt 0:00:01]} 47. h5 {[%emt 0:00:12]} Rc4 {[%emt 0:01:47]} 48. h6 {[%emt 0:01:05]} Kf7 {[%emt 0:00:59]} 49. a3 {[%emt 0:00:13]} bxa3 {[%emt 0:01:11]} 50. Rb7+ {[%emt 0:00:05]} Kg8 {[%emt 0:03:00]} 51. Ra7 {[%emt 0:00:06]} Rc3 {[%emt 0:00:10]} 52. Kf2 {[%emt 0:00:26]} d4 {[%emt 0:00:16]} 53. Ke2 {[%emt 0:00:48]} Rxg3 {[%emt 0:00:38]} 54. Ra4 {[%emt 0:00:16]} d3+ {[%emt 0:01:07]} 55. Kf2 {[%emt 0:00:21]} Rf3+ {[%emt 0:00:13]} 56. Ke1 {[%emt 0:00:23]} Kh7 {[%emt 0:00:08]} 57. Rxe4 {[%emt 0:00:22]} a2 {[%emt 0:00:18]} 58. Ra4 {[%emt 0:00:06]} Rh3 {[%emt 0:00:06]} 59. Kd2 {[%emt 0:00:25]} Rh1 {[%emt 0:00:10]} 0-1

[Event "7th Iberoamerican-ch 2019"]
[Site "Linares"]
[Date "2019.08.14"]
[Round "5.26"]
[White "Valenzuela Gomez, Fernando"]
[Black "Balbuena Fuentes, Mario"]
[Result "1-0"]
[WhiteElo "2388"]
[BlackElo "2268"]
[Annotator "TA"]
[PlyCount "123"]
[EventDate "2019.08.10"]
[EventType "swiss"]
[EventCountry "ESP"]
[SourceTitle "playchess.com"]
[Source "ChessBase"]
[SourceQuality "1"]

{[%evp 12,123,9,8,19,14,25,18,25,24,10,0,0,0,42,38,29,32,56,40,32,34,32,18,43,47,45,46,51,41,54,50,54,45,50,22,37,37,71,33,107,108,162,154,152,137,163,145,145,117,383,383,372,382,277,341,311,286,1034,642,1335,1287,1256,394,348,38,52,44,44,75,29967,29969,29969,29970,29960,12799,29961,11431,29970,29971,29970,29969,29971,29964,12847,6087,5302,1135,5089,0,2143,0,5073,5089,4881,3145,6099,5513,29977,29978,29981,29982,29986,29987,29986,29987,29987,29988,29988,29989,29989,29988,29992,29993]} 1. d4 e6 2. c4 Nf6 3. Nc3 Bb4 4. e3 O-O 5. Bd3 d5 6. Nf3 c5 7. cxd5 exd5 {E53: Nimzo-Indian: Rubinstein: Main Line (4...0-0 5 Nf3 d5 6 Bd3 c5 7 0-0)} 8. dxc5 Nbd7 9. O-O Nxc5 {The position is equal.} 10. Ne2 Bg4 11. a3 Nxd3 12. Qxd3 Bxf3 13. gxf3 Bd6 14. Bd2 {[#]} Re8 $146 ({Predecessor:} 14... Be5 15. Bc3 {1-0 (29) Riazantsev,A (2666)-Jakovenko,D (2710) Sochi 2017}) 15. Ng3 Qd7 16. Kg2 h5 17. Rg1 g6 18. Bc3 Be5 19. Bxe5 Rxe5 20. Qd4 Qd6 21. Kh1 Kh7 22. Rad1 Re7 {[#]} 23. Ne4 $1 {[%mdl 512]} Nxe4 (23... dxe4 24. Qxd6) 24. fxe4 Rc8 25. Rd2 (25. Qxd5 Qf6 $15) 25... Rec7 (25... Qd7 $14) 26. exd5 $16 Rc1 (26... Kg8 $16) 27. Rxc1 $18 Rxc1+ {[%mdl 4096] Endgame KQR-KQR} 28. Kg2 Qa6 29. Qd3 $36 {[%mdl 2048] Keeping Black busy.} Qf6 {( -> ...Qg5+)} 30. Rd1 Qxb2 $2 {[%mdl 8192]} (30... Rc7 $16 {was worth a try.}) 31. Rxc1 Qxc1 $16 {KQ-KQ} 32. d6 Qc6+ 33. f3 Qd7 34. Qd4 $1 {[%cal Rd4f6]} Qb5 $2 (34... Kg8 35. Qe5 h4) 35. Kf2 $1 $18 {Strongly threatening d7.} Qd7 36. Qf6 Kg8 37. Kg3 $2 (37. Qe7 Qh3 38. d7 Qxh2+ 39. Ke1 Qg3+ 40. Kd2 Qf2+ 41. Kd3 Qxf3 42. d8=Q+ Kh7 43. Kc3) 37... Qb5 38. Qe7 $2 (38. Kh4 $18 {And now f4 would win.} Qd5 39. e4) 38... Qc5 $1 $14 39. Qe8+ $1 Kg7 40. d7 Qg5+ $2 {[%mdl 8192]} (40... Qd6+ $16 41. f4 (41. Kh3 Qd1 $11) 41... h4+ 42. Kxh4 (42. Kh3 Qd1 $11) 42... Qd2) 41. Kf2 Qh4+ 42. Kg2 $1 Qg5+ 43. Kh1 (43. Kf1 $142 Qb5+ 44. Kf2 Qb2+ 45. Kg3 h4+ 46. Kh3 Qf6 47. d8=Q Qxf3+ 48. Kxh4 Qf2+ {[%mdl 64] Double Attack} 49. Kg4 f5+ 50. Kg5 Qg1+ 51. Kf4 Qf2+ 52. Ke5 Qxe3+ 53. Kd6 Qxa3+ 54. Kc7 Qa5+ 55. Kxb7 Qxd8 56. Qxd8) 43... Qb5 {[#]} 44. Kg1 $1 Qg5+ {[#]} 45. Kf1 $1 Qb5+ 46. Kf2 Qb2+ 47. Kg3 h4+ 48. Kh3 Qf6 49. Qe4 (49. d8=Q $142 Qxf3+ 50. Kxh4 Qf2+ {[%mdl 64] Double Attack} 51. Kg4 Qg2+ 52. Kf4 Qf2+ 53. Ke4 Qg2+ 54. Kd3 Qf1+ 55. Kc2 Qf5+ 56. Kc3 Qf6+ 57. Qxf6+ Kxf6 58. Qb8) 49... Kf8 50. Qe8+ (50. f4 $142 Qd8 51. Qb4+ Kg8 52. Qxb7) 50... Kg7 $18 51. Qe4 (51. d8=Q $142 Qxf3+ 52. Kxh4 Qf2+ {[%mdl 64] Double Attack} 53. Kg4 f5+ 54. Kg5 Qg1+ 55. Kf4 Qf2+ 56. Ke5 Qxe3+ 57. Kd6 Qxa3+ 58. Kc7 Qa5+ 59. Kxb7 Qb4+ 60. Kxa7 Qc5+ 61. Kb8 Qb4+ 62. Kc8) 51... Kf8 $1 52. f4 Qd8 53. Qxb7 Kg7 54. Qxa7 Kh7 55. Qd4 {White mates.} Kh6 56. a4 {[%cal Ba3a4,Ba4a5,Ba5a6,Ba6a7][%mdl 32]} Qa8 57. e4 ({Inferior is} 57. d8=Q Qf3+ 58. Kxh4 Qf2+ 59. Kh3 (59. Kg4 $2 {is a self mate.} f5+ 60. Kh3 Qf3+ 61. Kh4 Qg4#) 59... Qf3+ 60. Kh4 Qf2+ 61. Kh3 (61. Kg4 $2 {leads to mate.} f5+ 62. Kh3 Qf3+ 63. Kh4 Qg4#) 61... Qf3+ 62. Kh4 $11) 57... Qd8 {[#]} 58. a5 $1 f6 (58... Qxa5 59. Qh8#) 59. a6 g5 60. a7 g4+ 61. Kg2 Qa5 62. Qxf6+ {Accuracy: White = 67%, Black = 34%.} 1-0

[Event "7th Iberoamerican-ch 2019"]
[Site "Linares"]
[Date "2019.08.14"]
[Round "5.27"]
[White "Mieles Palau, Daniel"]
[Black "Calzetta Ruiz, Monica"]
[Result "1/2-1/2"]
[WhiteElo "2384"]
[BlackElo "2257"]
[Annotator "NA"]
[PlyCount "75"]
[EventDate "2019.08.10"]
[EventType "swiss"]
[EventCountry "ESP"]
[SourceTitle "playchess.com"]
[Source "ChessBase"]
[SourceQuality "1"]
[TimeControl "5400+30"]

1. c4 {[%emt 0:00:00]} c5 {[%emt 0:02:13]} 2. Nc3 {[%emt 0:00:00]} Nc6 {[%emt 0:00:08]} 3. g3 {[%emt 0:00:00]} Nf6 {[%emt 0:00:27]} 4. Bg2 {[%emt 0:00:20]} e5 {[%emt 0:00:20]} 5. Nf3 {[%emt 0:06:17]} Be7 {[%emt 0:00:22]} 6. d3 {[%emt 0:03:01]} O-O {[%emt 0:01:25]} 7. O-O {[%emt 0:01:05]} d6 {[%emt 0:00:58]} 8. a3 {[%emt 0:00:06]} h6 {[%emt 0:00:41]} 9. h3 {[%emt 0:13:20]} Be6 {[%emt 0:01:22]} 10. Rb1 {[%emt 0:01:56]} Qd7 {[%emt 0:06:34]} 11. Kh2 {[%emt 0:00:06]} Rae8 {[%emt 0:20:34]} 12. b4 {[%emt 0:00:34]} b6 {[%emt 0:00:39]} 13. b5 {[%emt 0:06:17]} Na5 {[%emt 0:06:45]} 14. e4 {[%emt 0:02:05]} Nh7 {[%emt 0:02:31]} 15. Bd2 {[%emt 0:15:27]} f5 {[%emt 0:01:06]} 16. exf5 {[%emt 0:01:43]} Bxf5 {[%emt 0:00:14]} 17. Qe2 {[%emt 0:00:49]} Bd8 {[%emt 0:15:25]} 18. Nh4 {[%emt 0:10:13]} Bxh4 {[%emt 0:00:52]} 19. gxh4 {[%emt 0:00:04]} Qe7 {[%emt 0:01:54]} 20. Ne4 {[%emt 0:04:08]} Nb7 {[%emt 0:01:51]} 21. Ng3 {[%emt 0:05:09]} Bc8 {[%emt 0:00:54]} 22. Qh5 {[%emt 0:03:17]} Nd8 {[%emt 0:10:50]} 23. Bd5+ {[%emt 0:01:49]} Kh8 {[%emt 0:00:24]} 24. Ne4 {[%emt 0:00:05]} Ne6 {[%emt 0:06:59]} 25. Rg1 {[%emt 0:02:35]} Nf4 {[%emt 0:00:15]} 26. Bxf4 {[%emt 0:00:18]} Rxf4 {[%emt 0:00:06]} 27. Nxd6 {[%emt 0:02:15]} Ref8 {[%emt 0:03:29]} 28. Nxc8 {[%emt 0:00:33]} Rxc8 {[%emt 0:00:17]} 29. Rbe1 {[%emt 0:02:07]} Rxf2+ {[%emt 0:02:21]} 30. Rg2 {[%emt 0:04:16]} Rxg2+ {[%emt 0:00:22]} 31. Kxg2 {[%emt 0:00:15]} Rf8 {[%emt 0:02:10]} 32. Re3 {[%emt 0:05:24]} e4 {[%emt 0:01:57]} 33. Rxe4 {[%emt 0:00:15]} Qf6 {[%emt 0:03:09]} 34. Qe2 {[%emt 0:00:22]} Qf5 {[%emt 0:00:30]} 35. Be6 {[%emt 0:03:46]} Qf6 {[%emt 0:00:06]} 36. Bd5 {[%emt 0:02:59]} Qf5 {[%emt 0:00:04]} 37. Be6 {[%emt 0:02:38]} Qf6 {[%emt 0:00:02]} 38. Bd5 {[%emt 0:00:45]} 1/2-1/2

[Event "7th Iberoamerican-ch 2019"]
[Site "Linares"]
[Date "2019.08.14"]
[Round "5.28"]
[White "Perera Borrego, Maria Adela"]
[Black "Cruz Ravina, Francisco Javier"]
[Result "0-1"]
[WhiteElo "2186"]
[BlackElo "2366"]
[Annotator "TA"]
[PlyCount "42"]
[EventDate "2019.08.10"]
[EventType "swiss"]
[EventCountry "ESP"]
[SourceTitle "playchess.com"]
[Source "ChessBase"]
[SourceQuality "1"]

{[%evp 14,90,-1,-13,12,8,-9,-62,-74,-72,-82,-98,-61,-116,-114,-171,-83,-150,-157,-159,-89,-426,-410,-408,-400,-423,-392,-381,-349,-343,-395,-389,-402,-401,-405,-393,-327,-404,-387,-364,-372,-746,-756,-806,-811,-843,-541,-524,-520,-506,-491,-487,-332,-409,-417,-572,-578,-580,-558,-530,-575,-585,-500,-585,-583,-579,-599,-771,-766,-880,-866,-888,-870,-1039,-956,-932,-825,-913,-899]} 1. d4 e6 2. g3 c5 3. Nf3 Nf6 4. Bg2 d5 5. O-O Nc6 6. c3 Be7 7. dxc5 Bxc5 8. b4 Bd6 {D02: 1 d4 d5 2 Nf3 sidelines, including 2...Nf6 3 g3 and 2...Nf6 3 Bf4} 9. a3 O-O 10. Qc2 $146 ({Better is} 10. c4 $11) ({Predecessor:} 10. Nd4 Bd7 11. Bb2 Rc8 12. Nd2 Nxd4 13. cxd4 a5 14. Qb3 axb4 15. axb4 Qb6 16. Bc3 {½-½ (32) Hlinka,M (2155)-Zambor,N (2261) Slovakia 2017}) 10... e5 $15 {Black is slightly better.} 11. Rd1 e4 12. Nd4 Nxd4 13. Rxd4 (13. cxd4 $15 Be6 14. Nc3) 13... Be6 $36 {[%mdl 2048] Black is in control.} 14. Rd1 (14. f4 $17 {was worth a try.}) 14... Rc8 (14... Ng4 $1 $19 15. h3 Nf6) 15. Be3 (15. Bg5 $142) 15... Ng4 16. Bd4 {[#]} Qg5 (16... e3 $142 $1 {[%mdl 512]} 17. Bxe3 Nxe3 18. fxe3 Be5) 17. h3 $2 {[%mdl 8192] [#]} (17. Nd2 $17 {is more resistant.}) 17... Nxf2 $1 $19 {[%mdl 576] Remove Defender} 18. Bxf2 e3 19. Qd3 exf2+ 20. Kxf2 Rfe8 21. h4 Qg4 {Played: Qg5-e5} 0-1